000 00710nam a2200205Ia 4500
001 3256
003 GE_BSU
008 181216s||||||||xx |||||||||||||| ||und||
040 _cGE_BSU
080 _a69.74(035)
100 _aДнипровский,С.И. Прохоровский,В.А. Лубяной, В.И.
245 _aРасход материалов на специальные строительные работы.
245 _bСправочник.
260 _aКиев.
260 _bБудiвельник.
260 _c1984.
300 _a608стр. 21 см.
653 _aРасход материалов на специальные строительные работы.
942 _cBK
999 _c37297
_d37297